| 000 | 00848nam a22002297a 4500 | ||
|---|---|---|---|
| 003 | DO-SdBNP | ||
| 005 | 20180119133025.0 | ||
| 008 | 151117b 2006 sp xxu||||| |||| 00| 0 spa d | ||
| 020 | _a2350240525 | ||
| 040 |
_aBPMSU _bspa _cBPMSU |
||
| 100 | 1 | _aBarbeau, Philippe | |
| 245 | 1 | 0 |
_aCuentos para reír y temblar : _bsiete cuentos para viajar a un mundo lleno de personajes extraños / _cPhilippe Barbeau ; traducido por Angeles Testera ; ilustraciones Marie-Geneviève Thoisy. |
| 260 |
_aÉtampes : _bLire c'est partir, _c2006. |
||
| 300 |
_a119 p. : _bil. ; _c18 cm. |
||
| 490 | 1 |
_aBiblioteca didáctica anaya _v4 |
|
| 700 | 1 | 2 |
_aTestera, Angeles, _etr. |
| 700 | 1 | 2 |
_aThoisy, Marie-Geneviéve, _eil. |
| 830 |
_aBiblioteca didáctica anaya ; _n4 |
||
| 942 |
_2ddc _cBK |
||
| 945 | _aInventariado, 2018/MFF | ||
| 956 |
_aLorenza Pérez _b10 |
||
| 999 |
_c8739 _d8739 |
||